<?xml version="1.0" encoding="UTF-8"?>
<record
    xmlns:xsi="http://www.w3.org/2001/XMLSchema-instance"
    xsi:schemaLocation="http://www.loc.gov/MARC21/slim http://www.loc.gov/standards/marcxml/schema/MARC21slim.xsd"
    xmlns="http://www.loc.gov/MARC21/slim">

  <leader>01306nam0a2200349   4500</leader>
  <controlfield tag="001">RU\NLR\bibl\1389706</controlfield>
  <controlfield tag="005">20260406064818.0</controlfield>
  <datafield tag="010" ind1=" " ind2=" ">
    <subfield code="a">978-5-367-00911-8</subfield>
  </datafield>
  <datafield tag="021" ind1=" " ind2=" ">
    <subfield code="a">RU</subfield>
    <subfield code="b">2009-35923</subfield>
    <subfield code="9">2171</subfield>
  </datafield>
  <datafield tag="035" ind1=" " ind2=" ">
    <subfield code="a">(nilc)RSL-KNO-004323274</subfield>
  </datafield>
  <datafield tag="035" ind1=" " ind2=" ">
    <subfield code="a">(NLR Aleph) 001381755</subfield>
  </datafield>
  <datafield tag="090" ind1=" " ind2=" ">
    <subfield code="a">1106542</subfield>
    <subfield code="c">1106542</subfield>
  </datafield>
  <datafield tag="100" ind1=" " ind2=" ">
    <subfield code="a">20090421d2009    |||y0rusy50      ca</subfield>
  </datafield>
  <datafield tag="101" ind1="1" ind2=" ">
    <subfield code="a">rus</subfield>
    <subfield code="c">jpn</subfield>
  </datafield>
  <datafield tag="102" ind1=" " ind2=" ">
    <subfield code="a">RU</subfield>
  </datafield>
  <datafield tag="105" ind1=" " ind2=" ">
    <subfield code="a">y   |||||||||</subfield>
  </datafield>
  <datafield tag="200" ind1="1" ind2=" ">
    <subfield code="a">Hardboiled</subfield>
    <subfield code="a">Hard luck</subfield>
    <subfield code="a">&#x41E;&#x437;&#x435;&#x440;&#x43E;</subfield>
    <subfield code="e">[&#x440;&#x43E;&#x43C;&#x430;&#x43D;&#x44B;</subfield>
    <subfield code="e">&#x43F;&#x435;&#x440;&#x435;&#x432;&#x43E;&#x434; &#x441; &#x44F;&#x43F;&#x43E;&#x43D;&#x441;&#x43A;&#x43E;&#x433;&#x43E;]</subfield>
    <subfield code="f">&#x411;&#x430;&#x43D;&#x430;&#x43D;&#x430; &#x415;&#x441;&#x438;&#x43C;&#x43E;&#x442;&#x43E;</subfield>
  </datafield>
  <datafield tag="210" ind1=" " ind2=" ">
    <subfield code="a">&#x421;&#x430;&#x43D;&#x43A;&#x442;-&#x41F;&#x435;&#x442;&#x435;&#x440;&#x431;&#x443;&#x440;&#x433;</subfield>
    <subfield code="c">&#x410;&#x43C;&#x444;&#x43E;&#x440;&#x430;</subfield>
    <subfield code="d">2009</subfield>
    <subfield code="e">&#x421;&#x41F;&#x431;.</subfield>
    <subfield code="g">&#x418;&#x41F;&#x41A; &#x41B;&#x435;&#x43D;&#x438;&#x43D;&#x433;&#x440;. &#x438;&#x437;&#x434;-&#x432;&#x43E;</subfield>
  </datafield>
  <datafield tag="215" ind1=" " ind2=" ">
    <subfield code="a">332, [2] &#x441;.</subfield>
    <subfield code="d">21</subfield>
  </datafield>
  <datafield tag="300" ind1=" " ind2=" ">
    <subfield code="a">&#x417;&#x430;&#x433;&#x43B;. &#x43E;&#x431;&#x43B;.: &#x41E;&#x437;&#x435;&#x440;&#x43E;</subfield>
  </datafield>
  <datafield tag="327" ind1="1" ind2=" ">
    <subfield code="a">&#x421;&#x43E;&#x434;&#x435;&#x440;&#x436;.: &#x427;&#x438;&#x441;&#x442;&#x430;&#x44F; &#x441;&#x43E;&#x432;&#x435;&#x441;&#x442;&#x44C;; &#x414;&#x43E;&#x43B;&#x44F;; &#x41E;&#x437;&#x435;&#x440;&#x43E;</subfield>
  </datafield>
  <datafield tag="512" ind1="1" ind2=" ">
    <subfield code="6">z48790</subfield>
    <subfield code="a">&#x41E;&#x437;&#x435;&#x440;&#x43E;</subfield>
  </datafield>
  <datafield tag="686" ind1=" " ind2=" ">
    <subfield code="a">&#x428;5(5&#x42F;)62-644</subfield>
    <subfield code="2">rubbk</subfield>
  </datafield>
  <datafield tag="686" ind1=" " ind2=" ">
    <subfield code="a">&#x428;6(5&#x42F;)67-440.4{&#x41B;&#x437;2318}</subfield>
  </datafield>
  <datafield tag="700" ind1=" " ind2="1">
    <subfield code="4">070</subfield>
    <subfield code="8">rus</subfield>
    <subfield code="7">ca</subfield>
    <subfield code="a">&#x415;&#x441;&#x438;&#x43C;&#x43E;&#x442;&#x43E;</subfield>
    <subfield code="b">&#x411;.</subfield>
    <subfield code="f">1964-</subfield>
    <subfield code="g">&#x411;&#x430;&#x43D;&#x430;&#x43D;&#x430;</subfield>
    <subfield code="3">RU\NLR\auth\7714515</subfield>
    <subfield code="9">124187</subfield>
  </datafield>
  <datafield tag="790" ind1=" " ind2="1">
    <subfield code="4">070</subfield>
    <subfield code="8">rus</subfield>
    <subfield code="7">ca</subfield>
    <subfield code="a">&#x415;&#x441;&#x438;&#x43C;&#x43E;&#x442;&#x43E;</subfield>
    <subfield code="b">&#x411;.</subfield>
    <subfield code="f">1964-</subfield>
    <subfield code="g">&#x411;&#x430;&#x43D;&#x430;&#x43D;&#x430;</subfield>
    <subfield code="3">RU\NLR\auth\7714515</subfield>
    <subfield code="9">124187</subfield>
  </datafield>
  <datafield tag="801" ind1=" " ind2="0">
    <subfield code="a">RU</subfield>
    <subfield code="b">&#x420;&#x41A;&#x41F;</subfield>
    <subfield code="c">20090421</subfield>
    <subfield code="g">rcr</subfield>
  </datafield>
  <datafield tag="801" ind1=" " ind2="1">
    <subfield code="a">RU</subfield>
    <subfield code="b">&#x420;&#x413;&#x411;</subfield>
    <subfield code="c">20090421</subfield>
  </datafield>
  <datafield tag="801" ind1=" " ind2="2">
    <subfield code="a">RU</subfield>
    <subfield code="b">NLR</subfield>
    <subfield code="c">20090706</subfield>
    <subfield code="g">rcr</subfield>
  </datafield>
  <datafield tag="942" ind1=" " ind2=" ">
    <subfield code="c">BOOK</subfield>
  </datafield>
  <datafield tag="980" ind1=" " ind2=" ">
    <subfield code="a">NB</subfield>
  </datafield>
  <datafield tag="995" ind1=" " ind2=" ">
    <subfield code="5">2009-07-06</subfield>
    <subfield code="a">ad</subfield>
    <subfield code="b">NLR01</subfield>
    <subfield code="c">NLR01</subfield>
    <subfield code="e">RF9</subfield>
    <subfield code="f">2955317</subfield>
    <subfield code="k">2009-3/22023</subfield>
    <subfield code="o">0</subfield>
    <subfield code="r">BOOK</subfield>
    <subfield code="s">2009322023_</subfield>
  </datafield>
  <datafield tag="995" ind1=" " ind2=" ">
    <subfield code="5">2009-07-06</subfield>
    <subfield code="a">ad</subfield>
    <subfield code="b">NLR01</subfield>
    <subfield code="c">NLR01</subfield>
    <subfield code="e">RF9</subfield>
    <subfield code="f">2955318</subfield>
    <subfield code="k">2009-3/22023</subfield>
    <subfield code="o">0</subfield>
    <subfield code="r">BOOK</subfield>
    <subfield code="s">2009322023_</subfield>
  </datafield>
</record>
